[Event "Raipur Chhattisgarh"]
[Site "Raipur"]
[Date "2022.09.22"]
[Round "4"]
[White "Suvrajit, Saha"]
[Black "Vrashank, Chouhan"]
[Result "1-0"]
[WhiteElo "2176"]
[BlackElo "2056"]
[PlyCount "121"]
[EventDate "2022.09.19"]
[EventType "swiss"]
[EventRounds "10"]
[EventCountry "IND"]
[SourceTitle "CBM 210 Extra"]
[Source "ChessBase"]
[SourceDate "2022.11.30"]
[SourceVersion "1"]
[SourceVersionDate "2022.11.30"]
[SourceQuality "1"]

1. Nf3 d5 2. d4 Nf6 3. c4 c6 4. e3 e6 5. Nc3 Nbd7 6. Be2 dxc4 7. a4 Bd6 8. Nd2 0-0 9. Nxc4 Bc7 10. f4 c5 11. 0-0 cxd4 12. Qxd4 Nb6 13. Qxd8 Bxd8 14. Nxb6 Bxb6 15. a5 Bc5 16. Rd1 Bd7 17. Ne4 Nxe4 18. Rxd7 Nd6 19. Bf3 Rad8 20. Rxd8 Rxd8 21. Kf2 b5 22. axb6 Bxb6 23. Ke2 e5 24. fxe5 Nc4 25. e6 fxe6 26. b3 Ne5 27. Be4 Ng4 28. h3 Nf6 29. Bd3 e5 30. Bc4+ Kh8 31. Bb2 h6 32. Rd1 Rxd1 33. Kxd1 Bxe3 34. Bxe5 Nd7 35. Bc3 Kh7 36. Ke2 Bb6 37. Be6 Nc5 38. Bf5+ g6 39. Bc2 Ne6 40. Kd2 Nd4 41. Bd1 Kg8 42. Kd3 Nb5 43. Bd2 h5 44. Ke4 Nc7 45. Ke5 Kf7 46. Be2 Ne6 47. Bc4 Bc7+ 48. Kd5 Kf6 49. Bc3+ Ke7 50. Kc6 Bb6 51. Be5 Nd8+ 52. Kb5 Ne6 53. Bxe6 Kxe6 54. Bb8 Kf5 55. b4 g5 56. Ka6 g4 57. Bxa7 Bd8 58. b5 gxh3 59. gxh3 Kf4 60. Bb6 Be7 61. Bc7+ 1-0

[Event "Raipur Chhattisgarh"]
[Site "Raipur"]
[Date "2022.09.21"]
[Round "3"]
[White "Arnav, Maheshwari"]
[Black "Suvrajit, Saha"]
[Result "1/2-1/2"]
[WhiteElo "2038"]
[BlackElo "2176"]
[PlyCount "106"]
[EventDate "2022.09.19"]
[EventType "swiss"]
[EventRounds "10"]
[EventCountry "IND"]
[SourceTitle "CBM 210 Extra"]
[Source "ChessBase"]
[SourceDate "2022.11.30"]
[SourceVersion "1"]
[SourceVersionDate "2022.11.30"]
[SourceQuality "1"]

1. e4 c6 2. Nf3 d5 3. Nc3 Bg4 4. h3 Bxf3 5. Qxf3 Nf6 6. d3 e6 7. a3 Nbd7 8. g3 Bc5 9. Bg2 0-0 10. 0-0 Re8 11. Qe2 Bd4 12. Nb1 Qc7 13. Kh2 e5 14. Nd2 Rad8 15. a4 a6 16. Nf3 dxe4 17. dxe4 Bc5 18. Nh4 Nf8 19. Nf5 Ne6 20. c3 Qd7 21. Qf3 Qd3 22. Be3 Bxe3 23. Nxe3 Ng5 24. Qf5 h6 25. Rfe1 Qd6 26. Red1 Qe7 27. Ng4 Nxg4+ 28. Qxg4 a5 29. Qe2 Rxd1 30. Rxd1 Rd8 31. Rb1 Qc5 32. h4 Ne6 33. Bh3 Nc7 34. Kg2 Na6 35. Qe1 Qb6 36. Bf5 g6 37. Bg4 h5 38. Bd1 Nc5 39. Bc2 Kg7 40. Qe3 Nd7 41. Qe2 Nf6 42. b4 axb4 43. Rxb4 Qa7 44. Rb2 Rd7 45. Bd1 Qc5 46. Qc2 Qc4 47. Bf3 Ne8 48. Rb4 Qc5 49. Rb2 Qe7 50. Qb3 Nf6 51. Qc4 Qa3 52. Ra2 Qd6 53. a5 Qd3 1/2-1/2

[Event "Titled Tuesday intern op 25th Jan"]
[Site "Chess.com INT"]
[Date "2022.01.25"]
[Round "10"]
[White "Putnam, Liam H"]
[Black "Suvrajit, Saha"]
[Result "1-0"]
[WhiteElo "2204"]
[BlackElo "2198"]
[PlyCount "79"]
[EventDate "2022.01.25"]
[EventType "swiss (blitz)"]
[EventRounds "11"]
[EventCountry "USA"]
[SourceTitle "CBM 206 Extra"]
[Source "ChessBase"]
[SourceDate "2022.03.31"]
[SourceVersion "1"]
[SourceVersionDate "2022.03.31"]
[SourceQuality "1"]

1. d4 d5 2. Nf3 Nf6 3. Bf4 Nc6 4. e3 Bf5 5. c4 e6 6. Nc3 Ne4 7. Be2 Bb4 8. Rc1 Nxc3 9. bxc3 Ba3 10. Rc2 Bxc2 11. Qxc2 0-0 12. 0-0 h6 13. c5 e5 14. Nxe5 Nxe5 15. Bxe5 b6 16. Qb3 Bxc5 17. dxc5 Qe7 18. Bg3 Qxc5 19. Rd1 Rad8 20. h3 Rfe8 21. Rd4 c6 22. Qa4 a5 23. Qb3 Re4 24. Bd3 Ree8 25. Bc7 Rd7 26. Bxb6 Qd6 27. Qa4 Rb8 28. Qxa5 Rdb7 29. Rb4 Qe6 30. Bc5 Rxb4 31. Bxb4 Qf6 32. Qc5 Qe6 33. a4 Ra8 34. a5 g6 35. a6 h5 36. Qb6 Qc8 37. Qb7 Qxb7 38. axb7 Rb8 39. Ba6 Kg7 40. Bd6 1-0

[Event "Titled Tuesday intern op 25th Jan"]
[Site "Chess.com INT"]
[Date "2022.01.25"]
[Round "1"]
[White "Senthil, Maran K"]
[Black "Suvrajit, Saha"]
[Result "1-0"]
[WhiteElo "2208"]
[BlackElo "2198"]
[PlyCount "127"]
[EventDate "2022.01.25"]
[EventType "swiss (blitz)"]
[EventRounds "11"]
[EventCountry "USA"]
[SourceTitle "CBM 206 Extra"]
[Source "ChessBase"]
[SourceDate "2022.03.31"]
[SourceVersion "1"]
[SourceVersionDate "2022.03.31"]
[SourceQuality "1"]

1. d4 e6 2. Nf3 b6 3. g3 Bb7 4. Bg2 Nf6 5. 0-0 c5 6. c4 cxd4 7. Qxd4 Nc6 8. Qf4 Be7 9. Nc3 0-0 10. Rd1 Qb8 11. b3 Qxf4 12. Bxf4 Rac8 13. Nb5 d5 14. Ne5 Nxe5 15. Bxe5 a6 16. Nd6 Bxd6 17. Bxd6 Rfe8 18. Rac1 Ba8 19. Be5 dxc4 20. Bxa8 Rxa8 21. Rxc4 Rac8 22. Rdc1 Rxc4 23. Rxc4 Nd7 24. Bd4 e5 25. Be3 f6 26. Rc7 Nc5 27. Bxc5 bxc5 28. Rxc5 Rd8 29. Ra5 Rd6 30. e4 Kf7 31. Kg2 h5 32. Kf3 g5 33. Ke2 g4 34. f3 gxf3+ 35. Kxf3 Kg6 36. g4 Rd3+ 37. Ke2 Rd6 38. gxh5+ Kxh5 39. Ke3 Kg4 40. Rc5 Kh3 41. Rc2 Rd1 42. Rb2 Rf1 43. b4 Ra1 44. Kd3 Rd1+ 45. Ke2 Rd4 46. Ke3 Rd1 47. a4 Ra1 48. b5 Ra3+ 49. Kd2 Rxa4 50. b6 Rd4+ 51. Ke3 Rd8 52. Ra2 Rb8 53. Rxa6 Kxh2 54. Kf3 Kh3 55. Ra7 Kh4 56. Rh7+ Kg5 57. b7 f5 58. Rf7 fxe4+ 59. Kxe4 Kg6 60. Rd7 Kf6 61. Kd5 e4 62. Kxe4 Ke6 63. Rh7 Kd6 64. Rh6+ 1-0

[Event "Titled Tuesday intern op 25th Jan"]
[Site "Chess.com INT"]
[Date "2022.01.25"]
[Round "2"]
[White "Suvrajit, Saha"]
[Black "Kukhmazov, Arsen"]
[Result "0-1"]
[WhiteElo "2198"]
[BlackElo "2472"]
[PlyCount "58"]
[EventDate "2022.01.25"]
[EventType "swiss (blitz)"]
[EventRounds "11"]
[EventCountry "USA"]
[SourceTitle "CBM 206 Extra"]
[Source "ChessBase"]
[SourceDate "2022.03.31"]
[SourceVersion "1"]
[SourceVersionDate "2022.03.31"]
[SourceQuality "1"]

1. d4 d5 2. c4 c6 3. Nf3 Nf6 4. Nc3 e6 5. Bg5 h6 6. Bxf6 Qxf6 7. e3 Nd7 8. Rc1 Bd6 9. Bd3 dxc4 10. Bxc4 0-0 11. 0-0 b6 12. Qe2 a5 13. Rfd1 Bb7 14. h3 Qe7 15. Bb3 Ba6 16. Bc4 Bb7 17. e4 e5 18. d5 Bc5 19. d6 Qf6 20. Na4 Bd4 21. Nxd4 exd4 22. e5 Nxe5 23. Nxb6 Rad8 24. Re1 Rfe8 25. d7 Re7 26. f4 Qxf4 27. Rcd1 c5 28. Rf1 Qg5 29. Qf2 Nxc4 0-1

[Event "Titled Tuesday intern op 25th May"]
[Site "Chess.com INT"]
[Date "2021.05.25"]
[Round "5"]
[White "Baskin, Robert"]
[Black "Suvrajit, Saha"]
[Result "1-0"]
[WhiteElo "2390"]
[BlackElo "2198"]
[PlyCount "81"]
[EventDate "2021.05.25"]
[EventType "swiss (blitz)"]
[EventRounds "11"]
[EventCountry "USA"]
[SourceTitle "CBM 203 Extra"]
[Source "ChessBase"]
[SourceDate "2021.09.30"]
[SourceVersion "1"]
[SourceVersionDate "2021.09.30"]
[SourceQuality "1"]

1. d4 d5 2. c4 e6 3. Nc3 Nf6 4. cxd5 exd5 5. Bg5 Be7 6. e3 0-0 7. Bd3 c6 8. Qc2 Nbd7 9. h3 Re8 10. Bf4 Nf8 11. Nf3 b6 12. g4 Bb7 13. 0-0-0 Bd6 14. Bxd6 Qxd6 15. Ne5 N6d7 16. Nxd7 Qxd7 17. Kb1 a5 18. h4 Qxg4 19. h5 h6 20. Na4 Ba6 21. Bf5 Qe2 22. Nxb6 Qxc2+ 23. Bxc2 Rab8 24. Na4 Be2 25. Rc1 Ne6 26. Bf5 Ng5 27. Rxc6 Rb4 28. Nc5 Bf3 29. Rh4 Reb8 30. b3 a4 31. Na6 R4b6 32. Nxb8 Rxb8 33. Rc8+ Rxc8 34. Bxc8 axb3 35. axb3 Ne4 36. b4 Nxf2 37. b5 Ne4 38. Rxe4 Bxe4+ 39. Kb2 Kf8 40. b6 Ke7 41. b7 1-0

[Event "Titled Tuesday intern op 25th May"]
[Site "Chess.com INT"]
[Date "2021.05.25"]
[Round "7"]
[White "Suvrajit, Saha"]
[Black "Janaszak, Dawid"]
[Result "0-1"]
[WhiteElo "2198"]
[BlackElo "2348"]
[PlyCount "54"]
[EventDate "2021.05.25"]
[EventType "swiss (blitz)"]
[EventRounds "11"]
[EventCountry "USA"]
[SourceTitle "CBM 203 Extra"]
[Source "ChessBase"]
[SourceDate "2021.09.30"]
[SourceVersion "1"]
[SourceVersionDate "2021.09.30"]
[SourceQuality "1"]

1. d4 Nf6 2. Nf3 e6 3. Bf4 c5 4. e3 Nc6 5. c3 Be7 6. h3 0-0 7. Nbd2 b6 8. Bd3 Bb7 9. 0-0 d6 10. Bh2 Re8 11. Qe2 Bf8 12. Rad1 cxd4 13. exd4 e5 14. dxe5 Nxe5 15. Nxe5 dxe5 16. Ne4 Nxe4 17. Bxe4 Qc8 18. Rfe1 Bxe4 19. Qxe4 Qe6 20. Qxe5 Qc6 21. Qc7 Qa4 22. a3 Qc2 23. b4 Re7 24. Qc6 Rae8 25. Rf1 Qxd1 26. Qxe8 Qxf1+ 27. Kxf1 Rxe8 0-1

[Event "Titled Tuesday intern op 25th May"]
[Site "Chess.com INT"]
[Date "2021.05.25"]
[Round "2"]
[White "Suvrajit, Saha"]
[Black "Pischal, Yulia"]
[Result "0-1"]
[WhiteElo "2198"]
[BlackElo "1963"]
[PlyCount "90"]
[EventDate "2021.05.25"]
[EventType "swiss (blitz)"]
[EventRounds "11"]
[EventCountry "USA"]
[SourceTitle "CBM 203 Extra"]
[Source "ChessBase"]
[SourceDate "2021.09.30"]
[SourceVersion "1"]
[SourceVersionDate "2021.09.30"]
[SourceQuality "1"]

1. d4 f5 2. Nc3 Nf6 3. Bg5 Ne4 4. Nxe4 fxe4 5. e3 c6 6. c3 d6 7. Bc4 Bf5 8. g4 Bg6 9. Qb3 Qb6 10. Be6 Qxb3 11. axb3 Nd7 12. Ne2 h6 13. Bh4 Bf7 14. Bxf7+ Kxf7 15. Bg3 Nf6 16. h3 g5 17. c4 Bg7 18. Nc3 Kg6 19. Kd2 Rhf8 20. Ra5 a6 21. Rf5 Rad8 22. Ke2 b6 23. h4 e6 24. Rxf6+ Bxf6 25. Nxe4 Be7 26. h5+ Kg7 27. Ra1 a5 28. Nd2 Ra8 29. Ne4 Rfd8 30. Ra2 Kf7 31. Nc3 Bf8 32. Na4 Rdb8 33. Nc3 Ke7 34. Ne4 Kd7 35. Nf6+ Ke7 36. Ne4 Rd8 37. Nc3 Kf7 38. Ne4 Rac8 39. Ra1 Ra8 40. Rf1 a4 41. b4 a3 42. b3 a2 43. Ra1 Ra3 44. Nc3 Rxb3 45. Nxa2 Ra8 0-1

[Event "Titled Tuesday intern op 25th May"]
[Site "Chess.com INT"]
[Date "2021.05.25"]
[Round "4"]
[White "Suvrajit, Saha"]
[Black "Samarth, J Rao"]
[Result "1-0"]
[WhiteElo "2198"]
[BlackElo "1664"]
[PlyCount "111"]
[EventDate "2021.05.25"]
[EventType "swiss (blitz)"]
[EventRounds "11"]
[EventCountry "USA"]
[SourceTitle "CBM 203 Extra"]
[Source "ChessBase"]
[SourceDate "2021.09.30"]
[SourceVersion "1"]
[SourceVersionDate "2021.09.30"]
[SourceQuality "1"]

1. e4 c5 2. Nf3 d6 3. d4 cxd4 4. Nxd4 Nf6 5. Nc3 g6 6. Bb5+ Nbd7 7. 0-0 Bg7 8. Be3 0-0 9. a4 a6 10. Be2 Qc7 11. f3 Ne5 12. a5 Nc4 13. Bxc4 Qxc4 14. Ra4 Qc7 15. Nb3 Bd7 16. Bb6 Qc8 17. Rb4 Be6 18. Nd4 Nd7 19. Nd5 Bxd5 20. exd5 Nxb6 21. axb6 Qc5 22. c3 Qxd5 23. Re1 e5 24. Nc2 Qc6 25. Ne3 Rfd8 26. Nd5 a5 27. Ne7+ Kh8 28. Nxc6 axb4 29. Nxb4 Rd7 30. Nd5 Bf8 31. Qd2 Kg7 32. Qg5 h6 33. Qf6+ Kg8 34. Kf1 Ra5 35. c4 Ra4 36. Qh4 Bg7 37. Qe4 f5 38. Qc2 Ra8 39. Qb3 Kh7 40. Qb5 Rdd8 41. Nc7 Rac8 42. Qd5 Rb8 43. Qf7 Rf8 44. Qe7 Kh8 45. Rd1 Bf6 46. Qe6 e4 47. Rxd6 exf3 48. gxf3 Kg7 49. Rd7+ Kh8 50. Qd5 Bxb2 51. Ne6 Rfe8 52. Nd4 Bc3 53. Qf7 Re1+ 54. Kf2 Bxd4+ 55. Kxe1 Bc3+ 56. Kd1 1-0

[Event "Titled Tuesday intern op 12th Jan"]
[Site "Chess.com INT"]
[Date "2021.01.12"]
[Round "3"]
[White "Rychagov, Andrey"]
[Black "Suvrajit, Saha"]
[Result "1-0"]
[WhiteElo "2545"]
[BlackElo "2198"]
[PlyCount "71"]
[EventDate "2021.01.12"]
[EventType "swiss (blitz)"]
[EventRounds "11"]
[EventCountry "USA"]
[SourceTitle "CBM 200 Extra"]
[Source "ChessBase"]
[SourceDate "2021.03.31"]
[SourceVersion "1"]
[SourceVersionDate "2021.03.31"]
[SourceQuality "1"]

1. d4 d5 2. c4 dxc4 3. Nf3 Nf6 4. e3 e6 5. Bxc4 a6 6. 0-0 b5 7. Be2 Bb7 8. a4 b4 9. b3 Nbd7 10. Bb2 c5 11. Nbd2 Be7 12. Rc1 cxd4 13. Nxd4 Rc8 14. Nc4 0-0 15. Bf3 Ne4 16. Qc2 Ndc5 17. Rfd1 Qc7 18. Qb1 Rfd8 19. a5 Qb8 20. Nb6 Rc7 21. Be2 Nf6 22. f3 g6 23. Bc4 Nfd7 24. Nc2 Nxb6 25. axb6 Rcd7 26. Rxd7 Rxd7 27. Nxb4 Nxb3 28. Bxb3 Bxb4 29. Ba1 Bd2 30. Qb2 Bxe3+ 31. Kh1 Bd4 32. Qd2 Qd8 33. Rd1 Qxb6 34. Bxe6 Qxe6 35. Bxd4 Qd5 36. Qf4 1-0

[Event "Titled Tuesday intern op 12th Jan"]
[Site "Chess.com INT"]
[Date "2021.01.12"]
[Round "2"]
[White "Suvrajit, Saha"]
[Black "Pantzar, Milton"]
[Result "0-1"]
[WhiteElo "2198"]
[BlackElo "2421"]
[PlyCount "70"]
[EventDate "2021.01.12"]
[EventType "swiss (blitz)"]
[EventRounds "11"]
[EventCountry "USA"]
[SourceTitle "CBM 200 Extra"]
[Source "ChessBase"]
[SourceDate "2021.03.31"]
[SourceVersion "1"]
[SourceVersionDate "2021.03.31"]
[SourceQuality "1"]

1. d4 d5 2. Bf4 c5 3. e3 Nc6 4. c3 Bf5 5. Nd2 e6 6. Ngf3 Qb6 7. Qb3 c4 8. Qxb6 axb6 9. a3 b5 10. Rc1 Nf6 11. h3 h6 12. Be2 Nd7 13. g4 Bh7 14. Bg3 Nb6 15. Bd1 Na4 16. Bxa4 bxa4 17. Ra1 Ra5 18. 0-0 Rb5 19. Ra2 Kd7 20. Ne5+ Nxe5 21. Bxe5 f6 22. Bg3 h5 23. f3 Bd3 24. Rf2 g5 25. Kg2 Be7 26. Nf1 h4 27. Bh2 Ra8 28. Ra1 Ra6 29. Rd1 Rab6 30. Rdd2 Rb3 31. Bb8 Bxa3 32. bxa3 Rxa3 33. Ba7 Rb1 34. Bc5 Rxc3 35. Rb2 Bxf1+ 0-1

[Event "Titled Tuesday intern op 13th Oct"]
[Site "Chess.com INT"]
[Date "2020.10.13"]
[Round "3"]
[White "Perez Gormaz, Matias Ariel"]
[Black "Suvrajit, Saha"]
[Result "1-0"]
[WhiteElo "2413"]
[BlackElo "2198"]
[PlyCount "41"]
[EventDate "2020.10.13"]
[EventType "swiss (blitz)"]
[EventRounds "10"]
[EventCountry "USA"]
[SourceTitle "CBM 198 Extra"]
[Source "ChessBase"]
[SourceDate "2020.11.30"]
[SourceVersion "1"]
[SourceVersionDate "2020.11.30"]
[SourceQuality "1"]

1. e4 c5 2. Nf3 d6 3. Nc3 Nf6 4. e5 dxe5 5. Nxe5 a6 6. g3 e6 7. Bg2 Bd6 8. d4 cxd4 9. Qxd4 0-0 10. Bf4 Qc7 11. 0-0-0 Nc6 12. Qxd6 Qxd6 13. Rxd6 Nxe5 14. Bxe5 Ng4 15. Bd4 e5 16. Bb6 Be6 17. h3 Nf6 18. Rhd1 h6 19. Rd8 Raxd8 20. Rxd8 Rxd8 21. Bxd8 1-0

[Event "Titled Tuesday intern op 13th Oct"]
[Site "Chess.com INT"]
[Date "2020.10.13"]
[Round "6"]
[White "Rowe, Duane"]
[Black "Suvrajit, Saha"]
[Result "0-1"]
[WhiteElo "2157"]
[BlackElo "2198"]
[PlyCount "46"]
[EventDate "2020.10.13"]
[EventType "swiss (blitz)"]
[EventRounds "10"]
[EventCountry "USA"]
[SourceTitle "CBM 198 Extra"]
[Source "ChessBase"]
[SourceDate "2020.11.30"]
[SourceVersion "1"]
[SourceVersionDate "2020.11.30"]
[SourceQuality "1"]

1. e4 e6 2. d4 d5 3. Nd2 h6 4. Ngf3 dxe4 5. Nxe4 Be7 6. Bd3 Nf6 7. Qe2 Nxe4 8. Qxe4 Nd7 9. Bd2 Nf6 10. Qe2 0-0 11. 0-0-0 b5 12. g4 Bb7 13. Rhg1 Qd5 14. Ne5 Qxa2 15. c3 b4 16. g5 hxg5 17. cxb4 Qa1+ 18. Kc2 Qa4+ 19. Kb1 Bd5 20. Nc4 a5 21. b5 Ne4 22. Rc1 Nxd2+ 23. Qxd2 Qxb5 0-1

[Event "Titled Tuesday intern op 13th Oct"]
[Site "Chess.com INT"]
[Date "2020.10.13"]
[Round "7"]
[White "Suvrajit, Saha"]
[Black "Peyrer, Konstantin"]
[Result "1-0"]
[WhiteElo "2198"]
[BlackElo "2230"]
[PlyCount "69"]
[EventDate "2020.10.13"]
[EventType "swiss (blitz)"]
[EventRounds "10"]
[EventCountry "USA"]
[SourceTitle "CBM 198 Extra"]
[Source "ChessBase"]
[SourceDate "2020.11.30"]
[SourceVersion "1"]
[SourceVersionDate "2020.11.30"]
[SourceQuality "1"]

1. d4 Nf6 2. Nf3 g6 3. c4 Bg7 4. Nc3 0-0 5. e4 c5 6. d5 d6 7. Be2 e6 8. 0-0 exd5 9. exd5 Re8 10. h3 a6 11. Bg5 h6 12. Bh4 Nbd7 13. Bd3 Qb6 14. Qc2 Nh5 15. Rae1 Rxe1 16. Rxe1 Ne5 17. Nxe5 dxe5 18. Be7 Nf4 19. Bf1 Bf5 20. Qd2 Bf8 21. Bxf8 Rxf8 22. Rxe5 Nh5 23. Qxh6 Qf6 24. Re3 Bc2 25. Rf3 Qd4 26. Qe3 Ng7 27. Rf4 Qxe3 28. fxe3 Nf5 29. e4 Nd4 30. e5 Re8 31. d6 Rxe5 32. Rxd4 cxd4 33. d7 dxc3 34. d8Q+ Kg7 35. Qd4 1-0

[Event "Titled Tuesday intern op 29th Sept"]
[Site "Chess.com INT"]
[Date "2020.09.29"]
[Round "5"]
[White "Kaasen, Tor Fredrik"]
[Black "Suvrajit, Saha"]
[Result "0-1"]
[WhiteElo "2386"]
[BlackElo "2198"]
[PlyCount "126"]
[EventDate "2020.09.29"]
[EventType "swiss (blitz)"]
[EventRounds "10"]
[EventCountry "USA"]
[SourceTitle "CBM 198 Extra"]
[Source "ChessBase"]
[SourceDate "2020.11.30"]
[SourceVersion "1"]
[SourceVersionDate "2020.11.30"]
[SourceQuality "1"]

1. e4 e6 2. d4 d5 3. Nc3 Nf6 4. Bg5 dxe4 5. Nxe4 Nbd7 6. Nf3 Be7 7. Nxf6+ Bxf6 8. Qd2 Bxg5 9. Nxg5 h6 10. Nf3 0-0 11. 0-0-0 Qe7 12. Bc4 c5 13. d5 exd5 14. Rhe1 Qf6 15. Bxd5 Nb6 16. Ne5 Nxd5 17. Qxd5 Qxf2 18. Ng6 Be6 19. Rxe6 fxe6 20. Qxe6+ Qf7 21. Nxf8 Rxf8 22. Qe5 Qxa2 23. Rd7 Rf7 24. Qe8+ Rf8 25. Qe5 Rf7 26. Rd8+ Kh7 27. Qe4+ g6 28. Qe8 Qa1+ 29. Kd2 Rf2+ 30. Kc3 Qa5+ 31. Kd3 Rd2+ 32. Ke3 Qxd8 33. Qf7+ Kh8 34. Qxg6 Qd4+ 35. Kf3 Rf2+ 36. Kg3 Qf4+ 37. Kh3 Qf5+ 38. Qxf5 Rxf5 39. Kg4 Rf2 40. b4 Rxc2 41. bxc5 Rxc5 42. Kf4 a5 43. Ke4 a4 44. Kd4 Rc1 45. Kd3 a3 46. Kd2 Rc6 47. Ke3 a2 48. Kf4 a1Q 49. Kg4 Qd4+ 50. Kh3 Rf6 51. g3 Qe3 52. Kh4 Qe4+ 53. Kh3 Qf5+ 54. Kh4 Re6 55. g4 Re4 56. h3 Qxg4+ 57. hxg4 Kg7 58. Kh5 Kh7 59. Kh4 Kg6 60. Kg3 Kg5 61. Kf3 Rxg4 62. Kf2 Rf4+ 63. Ke3 b5 0-1

[Event "Titled Tuesday intern op 22nd Sept"]
[Site "Chess.com INT"]
[Date "2020.09.22"]
[Round "8"]
[White "Al Tarbosh, Ward"]
[Black "Suvrajit, Saha"]
[Result "1-0"]
[WhiteElo "2230"]
[BlackElo "2198"]
[PlyCount "73"]
[EventDate "2020.09.22"]
[EventType "swiss (blitz)"]
[EventRounds "10"]
[EventCountry "USA"]
[SourceTitle "CBM 198 Extra"]
[Source "ChessBase"]
[SourceDate "2020.11.30"]
[SourceVersion "1"]
[SourceVersionDate "2020.11.30"]
[SourceQuality "1"]

1. e4 e5 2. Nf3 Nc6 3. Bb5 a6 4. Ba4 Nf6 5. 0-0 b5 6. Bb3 Be7 7. Qe2 d6 8. c3 Bg4 9. h3 Bh5 10. d3 0-0 11. Rd1 Re8 12. Nbd2 d5 13. Nf1 Na5 14. Bc2 Bd6 15. Ng3 Bg6 16. b4 Nc6 17. Bb3 d4 18. cxd4 Nxd4 19. Nxd4 exd4 20. f4 Bxb4 21. f5 Bd6 22. fxg6 Bxg3 23. gxf7+ Kh8 24. fxe8Q+ Qxe8 25. Qf3 Qe5 26. Rf1 Bh2+ 27. Kh1 h6 28. Bf4 Bxf4 29. Qxf4 Qe7 30. e5 Nh7 31. Qxd4 c5 32. Qe4 Rd8 33. Rf7 Qg5 34. Raf1 Qg3 35. e6 Nf6 36. e7 Re8 37. Rf8+ 1-0

[Event "Titled Tuesday intern op 22nd Sept"]
[Site "Chess.com INT"]
[Date "2020.09.22"]
[Round "5"]
[White "Arias, Juan Cruz"]
[Black "Suvrajit, Saha"]
[Result "1-0"]
[WhiteElo "2277"]
[BlackElo "2198"]
[PlyCount "95"]
[EventDate "2020.09.22"]
[EventType "swiss (blitz)"]
[EventRounds "10"]
[EventCountry "USA"]
[SourceTitle "CBM 198 Extra"]
[Source "ChessBase"]
[SourceDate "2020.11.30"]
[SourceVersion "1"]
[SourceVersionDate "2020.11.30"]
[SourceQuality "1"]

1. c4 e5 2. Nc3 Nf6 3. g3 d5 4. cxd5 Nxd5 5. Bg2 Nb6 6. Nf3 Nc6 7. 0-0 Be7 8. a3 Be6 9. b4 0-0 10. Bb2 Nc4 11. Qc1 Nxb2 12. Qxb2 a6 13. Rfd1 f5 14. Rac1 Bf6 15. Ne1 Qd7 16. Na4 e4 17. Qb1 b6 18. e3 Ne5 19. Qc2 Rad8 20. Nb2 Rf7 21. d4 exd3 22. Nbxd3 Nxd3 23. Rxd3 Qe8 24. Rxd8 Qxd8 25. Nd3 g5 26. Rd1 Rd7 27. Bf3 Qe7 28. Be2 Kg7 29. Ne1 Rxd1 30. Bxd1 a5 31. Nd3 axb4 32. axb4 Qd6 33. Be2 Bd5 34. Ne1 Be4 35. Qc4 Be5 36. Bd3 Bd5 37. Qc2 Qxb4 38. Kf1 Be4 39. f3 Bxd3+ 40. Nxd3 Qb5 41. Kg2 Bd6 42. Nf2 Kf7 43. g4 Ke6 44. gxf5+ Qxf5 45. Qa2+ Qd5 46. Qc2 Qf5 47. Qc6 Ke7 48. Ng4 1-0

[Event "Titled Tuesday intern op 22nd Sept"]
[Site "Chess.com INT"]
[Date "2020.09.22"]
[Round "3"]
[White "Suvrajit, Saha"]
[Black "Janaszak, Dawid"]
[Result "0-1"]
[WhiteElo "2198"]
[BlackElo "2356"]
[PlyCount "78"]
[EventDate "2020.09.22"]
[EventType "swiss (blitz)"]
[EventRounds "10"]
[EventCountry "USA"]
[SourceTitle "CBM 198 Extra"]
[Source "ChessBase"]
[SourceDate "2020.11.30"]
[SourceVersion "1"]
[SourceVersionDate "2020.11.30"]
[SourceQuality "1"]

1. d4 Nf6 2. c4 g6 3. Nc3 Bg7 4. e4 d6 5. Be2 0-0 6. Nf3 c5 7. 0-0 cxd4 8. Nxd4 Nc6 9. Be3 Bd7 10. Rc1 Nxd4 11. Bxd4 Bc6 12. f3 Nd7 13. Bxg7 Kxg7 14. Qd4+ Kg8 15. Nd5 e6 16. Rfd1 Bxd5 17. cxd5 e5 18. Qb4 a5 19. Qxd6 b6 20. Rc7 Nc5 21. Qxb6 Na4 22. Qc6 Nxb2 23. Rb1 Rb8 24. Qc2 a4 25. Rc3 Qb6+ 26. Kf1 Rb7 27. Rc6 Qb4 28. Rc4 Qb6 29. Rxa4 Rfb8 30. Rc4 Nxc4 31. Rxb6 Ne3+ 32. Kf2 Nxc2 33. Rxb7 Rxb7 34. Bc4 Nd4 35. Ke3 Rb4 36. Kd3 Kf8 37. Kc3 Ra4 38. Bb3 Nxb3 39. axb3 Ra2 0-1

[Event "Titled Tuesday intern op 22nd Sept"]
[Site "Chess.com INT"]
[Date "2020.09.22"]
[Round "10"]
[White "Suvrajit, Saha"]
[Black "Manukian, Artak"]
[Result "1/2-1/2"]
[WhiteElo "2198"]
[BlackElo "2196"]
[PlyCount "95"]
[EventDate "2020.09.22"]
[EventType "swiss (blitz)"]
[EventRounds "10"]
[EventCountry "USA"]
[SourceTitle "CBM 198 Extra"]
[Source "ChessBase"]
[SourceDate "2020.11.30"]
[SourceVersion "1"]
[SourceVersionDate "2020.11.30"]
[SourceQuality "1"]

1. d4 Nf6 2. c4 d6 3. Nc3 g6 4. e4 Bg7 5. Nf3 0-0 6. Be2 e5 7. 0-0 Nc6 8. d5 Ne7 9. Ne1 c5 10. Be3 h5 11. Nd3 Ng4 12. Bd2 f5 13. f3 Nf6 14. b4 b6 15. a4 fxe4 16. fxe4 Kh7 17. bxc5 bxc5 18. Qc1 Nfg8 19. Rb1 Ba6 20. Rxf8 Qxf8 21. Nf2 Bh6 22. Nb5 Bxb5 23. axb5 Bxd2 24. Qxd2 Nc8 25. Rb3 Nb6 26. Rf3 Qg7 27. g4 h4 28. g5 Rf8 29. Rxf8 Qxf8 30. Ng4 Kg7 31. Qe3 Nd7 32. Qa3 Qb8 33. Qh3 a6 34. Qxh4 axb5 35. cxb5 Qa7 36. Nh6 Qa1+ 37. Kg2 Qb2 38. Qf2 Nxh6 39. gxh6+ Kxh6 40. Bg4 Qxf2+ 41. Kxf2 Nb6 42. h4 Kg7 43. Ke3 Kf6 44. Kd3 Ke7 45. Kc3 Kf6 46. Kd3 Ke7 47. Kc3 Kf6 48. Kd3 1/2-1/2

[Event "Titled Tuesday intern op 08th Sept"]
[Site "Chess.com INT"]
[Date "2020.09.08"]
[Round "5"]
[White "Sargsyan, Anna M"]
[Black "Suvrajit, Saha"]
[Result "1-0"]
[WhiteElo "2402"]
[BlackElo "2198"]
[PlyCount "73"]
[EventDate "2020.09.08"]
[EventType "swiss (blitz)"]
[EventRounds "10"]
[EventCountry "USA"]
[SourceTitle "CBM 198 Extra"]
[Source "ChessBase"]
[SourceDate "2020.11.30"]
[SourceVersion "1"]
[SourceVersionDate "2020.11.30"]
[SourceQuality "1"]

1. d4 d5 2. c4 dxc4 3. Nc3 Nf6 4. e4 e6 5. Bg5 Be7 6. Nf3 0-0 7. Bxc4 a6 8. a4 Nc6 9. 0-0 h6 10. Bh4 Nxe4 11. Bxe7 Nxc3 12. Bxd8 Nxd1 13. Bxc7 Nxb2 14. Be2 Bd7 15. Rfb1 Rfc8 16. Bd6 Nxa4 17. Rxa4 b5 18. Ra2 Nd8 19. Ne5 Be8 20. Bf3 Ra7 21. Bc5 Rac7 22. Rxa6 f6 23. Nd3 Bg6 24. Rd1 e5 25. Bb6 Rc4 26. Bd5+ Bf7 27. Bxc4 bxc4 28. Bxd8 Rxd8 29. Nc5 exd4 30. Ne6 Bxe6 31. Rxe6 c3 32. Rc6 Rb8 33. Kf1 Rb4 34. Ke2 Rb2+ 35. Kf3 c2 36. Rxd4 Rb3+ 37. Ke2 1-0